Henry martyn and Serampore (Record no. 21808)
[ view plain ]
| 000 -LEADER | |
|---|---|
| fixed length control field | 00324nam a2200109Ia 4500 |
| 100 ## - MAIN ENTRY--AUTHOR NAME | |
| Author name | Wilma S.Steward |
| 245 #0 - TITLE STATEMENT | |
| Title | Henry martyn and Serampore |
| 500 ## - GENERAL NOTE | |
| General note | The Bulletin of Henry Martyn school of Islamic Studies April 1964 |
| 650 ## - SUBJECT ADDED ENTRY--TOPICAL TERM | |
| Topical Term | Henry Martyn Institute |
| 942 ## - ADDED ENTRY ELEMENTS (KOHA) | |
| Koha item type | Book Reviews |
No items available.
